LDR 01011naa#a2200205#i#450# 001 RU\RIOR\bibl\125551 005 20260629145058.1 011 ## _a2409-6024 100 ## _a20260530b2026####ek#y0rusy0150####ca 102 ## _aRU 200 1# _aГОСУДАРСТВЕННЫЕ ПРОГРАММЫ КАК ИНСТРУМЕНТ ФОРМИРОВАНИЯ БРЕНДА НАЦИОНАЛЬНОЙ СИСТЕМЫ ОБРАЗОВАНИЯ _eЖурнальная статья 210 1# _aМосква _cООО "Издательский Центр РИОР" _d2026 215 ## _a9 с. 608 ## _aЖурнальная статья _2local 675 ## _aЭкономика. Народное хозяйство. Экономические науки. 33 _z 700 #1 _aТроицкая _gНадежда Николаевна 700 #1 _aСайранова _gВлада Руслановна 700 #1 _aЗахарчук _gАлександра Владимировна 700 #1 _aКруцкович _gОльга Сергеевна 856 4# _ariorpub.com _u